000 01128cam a2200301 a 4500
999 _c19581
_d19581
001 1021346
003 BDDh-ASL
005 20231015025805.0
008 881223s1990 njuab b 001 0 eng
010 _a 88026895
020 _a0691055599 (alk. paper) :
_c$35.00
040 _aDLC
_cDLC
_dBDDh-ASL
043 _aa-cc---
050 0 0 _aBL1802
_b.H35 1990
082 0 0 _a299.5109
_219
_bHAC
100 1 _aHansen, Valerie,
_d1958-
245 1 0 _aChanging gods in medieval China, 1127-1276 /
_cValerie Hansen.
260 _aPrinceton, N.J. :
_bPrinceton University Press,
_cc1990.
300 _axii, 256 p. :
_bill., maps ;
_c25 cm.
504 _aIncludes bibliographical references (p. 217-242) and indexes.
650 0 _aCults
_zChina
_xHistory
_yTo 1500.
651 0 _aChina
_xReligious life and customs.
651 0 _aChina
_xHistory
_ySong dynasty, 960-1279.
856 4 2 _3Publisher description
_uhttp://www.loc.gov/catdir/description/prin031/88026895.html
906 _a7
_bcbc
_corignew
_d1
_eocip
_f19
_gy-gencatlg
942 _2ddc
_cBK